00437nam a2200109Ia 4500008004100000050002900041100001900070245009700089260008600186300002800272521002700300140724s9999 xx 000 0 und d aQA 76.76.W56b.C149 2008 aCaleon, Ken C. aPoint of sales (POS) system for Little Quaipo Restaurant and Soda Fountain /cKen C. Caleon. aLas Piñas, Philippines :bSouthville International School and Colleges,cc2008. a72 p. :bill. ;c28 cm. aInformation Technology